00775cam a22002411 4500001001300000003000400013005001700017008004100034010001700075035002000092040003600112041001300148042001200161050002000173100003500193245009300228260005300321300002700374440002900401500004000430700004800470999001500518af 48004479 DLC20260227110908.0881227s1947 gw a 000 1 ger c aaf 48004479  a(OCoLC)18944217 aYale Univ. LibrarycCUdCUdDLC1 agerhfre apremarc00aPQ2601.B54bN441 aAbout, Noële Edmond-,d1914-14aDie Nase des Herrn Notar,bErzählung.c[Übertragen von Wolfheinrich von der Mülbe. aBad Wörrishofen]bDrei-Säulen-Verlagc[1947] a137 p.billus.c19 cm. 4aDas Heitere Wort,vBd. 1 aTranslation of Le nez d'un notaire.1 aMülbe, Wolf-Heinrich von der,d1879-etr. c6066d6066